000
00277nam a22001217a 4500
008
190226b xxu||||| |||| 00| 0 eng d
041
_a
eng
080
_a
573
100
_a
11
101
_a
BIO
245
_a
The World You Never See Underwater Life
_c
Parks,P
942
_2
udc
_c
BK
999
_c
54290
_d
54290